<?xml version="1.0" encoding="UTF-8"?>
<record
    xmlns:xsi="http://www.w3.org/2001/XMLSchema-instance"
    xsi:schemaLocation="http://www.loc.gov/MARC21/slim http://www.loc.gov/standards/marcxml/schema/MARC21slim.xsd"
    xmlns="http://www.loc.gov/MARC21/slim">

  <leader>02261nem0a2200313   4500</leader>
  <controlfield tag="001">RU\NLR\cart\6648</controlfield>
  <controlfield tag="005">20260405164228.0</controlfield>
  <datafield tag="035" ind1=" " ind2=" ">
    <subfield code="a">(NLR Aleph) 004276753</subfield>
  </datafield>
  <datafield tag="090" ind1=" " ind2=" ">
    <subfield code="a">2321201</subfield>
    <subfield code="c">2321201</subfield>
  </datafield>
  <datafield tag="100" ind1=" " ind2=" ">
    <subfield code="a">20110727d1828    |||y0rusy50      ca</subfield>
  </datafield>
  <datafield tag="101" ind1="0" ind2=" ">
    <subfield code="a">rus</subfield>
  </datafield>
  <datafield tag="102" ind1=" " ind2=" ">
    <subfield code="a">RU</subfield>
  </datafield>
  <datafield tag="120" ind1=" " ind2=" ">
    <subfield code="a">ayy xx||</subfield>
  </datafield>
  <datafield tag="123" ind1="0" ind2=" ">
    <subfield code="a">a</subfield>
    <subfield code="b">4104000</subfield>
  </datafield>
  <datafield tag="200" ind1="1" ind2=" ">
    <subfield code="a">&#x41F;&#x43B;&#x43E;&#x441;&#x43A;&#x430;&#x44F; &#x43A;&#x430;&#x440;&#x442;&#x430; &#x44E;&#x433;&#x43E;-&#x437;&#x430;&#x43F;&#x430;&#x434;&#x43D;&#x430;&#x433;&#x43E; &#x431;&#x435;&#x440;&#x435;&#x433;&#x430; &#x41D;&#x43E;&#x432;&#x43E;&#x439; &#x417;&#x435;&#x43C;&#x43B;&#x438;, &#x438;&#x437;&#x441;&#x43B;&#x435;&#x434;&#x43E;&#x432;&#x430;&#x43D;&#x43D;&#x430;&#x433;&#x43E; &#x431;&#x440;&#x438;&#x433;&#x43E;&#x43C; "&#x41D;&#x43E;&#x432;&#x430;&#x44F; &#x417;&#x435;&#x43C;&#x43B;&#x44F;" &#x43F;&#x43E;&#x434; &#x43D;&#x430;&#x447;&#x430;&#x43B;&#x44C;&#x441;&#x442;&#x432;&#x43E;&#x43C; &#x43A;&#x430;&#x43F;&#x438;&#x442;&#x430;&#x43D;-&#x43B;&#x435;&#x439;&#x442;&#x435;&#x43D;&#x430;&#x43D;&#x442;&#x430; &#x41B;&#x438;&#x442;&#x43A;&#x435; 1-&#x433;&#x43E; 1823 &#x433;&#x43E;&#x434;&#x430;</subfield>
    <subfield code="b">&#x41A;&#x430;&#x440;&#x442;&#x44B;</subfield>
  </datafield>
  <datafield tag="206" ind1=" " ind2=" ">
    <subfield code="a">[&#x43E;&#x43A;. 1:4 250 000, 42,5 &#x43A;&#x43C; &#x432; 1 &#x441;&#x43C;]</subfield>
  </datafield>
  <datafield tag="210" ind1=" " ind2=" ">
    <subfield code="a">[&#x421;&#x430;&#x43D;&#x43A;&#x442;-&#x41F;&#x435;&#x442;&#x435;&#x440;&#x431;&#x443;&#x440;&#x433;</subfield>
    <subfield code="c">&#x413;&#x438;&#x434;&#x440;&#x43E;&#x433;&#x440;&#x430;&#x444;&#x438;&#x447;&#x435;&#x441;&#x43A;&#x43E;&#x435; &#x434;&#x435;&#x43F;&#x43E; &#x423;&#x43F;&#x440;&#x430;&#x432;&#x43B;&#x435;&#x43D;&#x438;&#x44F; &#x433;&#x435;&#x43D;&#x435;&#x440;&#x430;&#x43B;-&#x433;&#x438;&#x434;&#x440;&#x43E;&#x433;&#x440;&#x430;&#x444;&#x430;</subfield>
    <subfield code="d">1828]</subfield>
    <subfield code="g">&#x442;&#x438;&#x43F;&#x43E;&#x433;&#x440;&#x430;&#x444;&#x438;&#x44F; &#x41C;&#x43E;&#x440;&#x441;&#x43A;&#x43E;&#x433;&#x43E; &#x43C;&#x438;&#x43D;&#x438;&#x441;&#x442;&#x435;&#x440;&#x441;&#x442;&#x432;&#x430;</subfield>
  </datafield>
  <datafield tag="215" ind1=" " ind2=" ">
    <subfield code="a">1 &#x43A;</subfield>
    <subfield code="c">&#x433;&#x440;&#x430;&#x432;.</subfield>
    <subfield code="d">15&#x445;21 (20&#x445;29) &#x441;&#x43C;</subfield>
  </datafield>
  <datafield tag="300" ind1=" " ind2=" ">
    <subfield code="a">&#x418;&#x437; &#x438;&#x437;&#x434;.: &#x427;&#x435;&#x442;&#x44B;&#x440;&#x435;&#x445;&#x43A;&#x440;&#x430;&#x442;&#x43D;&#x43E;&#x435; &#x43F;&#x443;&#x442;&#x435;&#x448;&#x435;&#x441;&#x442;&#x432;&#x438;&#x435; &#x432; &#x421;&#x435;&#x432;&#x435;&#x440;&#x43D;&#x44B;&#x439; &#x41B;&#x435;&#x434;&#x43E;&#x432;&#x438;&#x442;&#x44B;&#x439; &#x43E;&#x43A;&#x435;&#x430;&#x43D;, &#x441;&#x43E;&#x432;&#x435;&#x440;&#x448;&#x435;&#x43D;&#x43D;&#x43E;&#x435; &#x43F;&#x43E; &#x43F;&#x43E;&#x432;&#x435;&#x43B;&#x435;&#x43D;&#x438;&#x44E; &#x438;&#x43C;&#x43F;&#x435;&#x440;&#x430;&#x442;&#x43E;&#x440;&#x430; &#x410;&#x43B;&#x435;&#x43A;&#x441;&#x430;&#x43D;&#x434;&#x440;&#x430; I &#x43D;&#x430; &#x432;&#x43E;&#x435;&#x43D;&#x43D;&#x43E;&#x43C; &#x431;&#x440;&#x438;&#x433;&#x435; "&#x41D;&#x43E;&#x432;&#x430;&#x44F; &#x417;&#x435;&#x43C;&#x43B;&#x44F;" &#x432; 1821, 1822, 1823 &#x438; 1824 &#x433;&#x43E;&#x434;&#x430;&#x445;, &#x444;&#x43B;&#x43E;&#x442;&#x430; &#x43A;&#x430;&#x43F;&#x438;&#x442;&#x430;&#x43D;-&#x43B;&#x435;&#x439;&#x442;&#x435;&#x43D;&#x430;&#x43D;&#x442;&#x43E;&#x43C; &#x424;&#x435;&#x434;&#x43E;&#x440;&#x43E;&#x43C; &#x41B;&#x438;&#x442;&#x43A;&#x435;. - &#x421;&#x430;&#x43D;&#x43A;&#x442;&#x43F;&#x435;&#x442;&#x435;&#x440;&#x431;&#x443;&#x440;&#x433;, 1828 &#x433;&#x43E;&#x434;&#x430;. - &#x427;. II, &#x441;&#x442;&#x440;. 81</subfield>
  </datafield>
  <datafield tag="509" ind1="0" ind2="1">
    <subfield code="7">ca</subfield>
    <subfield code="a">&#x41D;&#x43E;&#x432;&#x430;&#x44F; &#x417;&#x435;&#x43C;&#x43B;&#x44F;,</subfield>
    <subfield code="h">&#x430;&#x440;&#x445;&#x438;&#x43F;&#x435;&#x43B;&#x430;&#x433;</subfield>
    <subfield code="9">2634779</subfield>
    <subfield code="3">RU\NLR\auth_crt\551610</subfield>
  </datafield>
  <datafield tag="518" ind1="1" ind2=" ">
    <subfield code="a">&#x41F;&#x43B;&#x43E;&#x441;&#x43A;&#x430;&#x44F; &#x43A;&#x430;&#x440;&#x442;&#x430; &#x44E;&#x433;&#x43E;-&#x437;&#x430;&#x43F;&#x430;&#x434;&#x43D;&#x43E;&#x433;&#x43E; &#x431;&#x435;&#x440;&#x435;&#x433;&#x430; &#x41D;&#x43E;&#x432;&#x43E;&#x439; &#x417;&#x435;&#x43C;&#x43B;&#x438;, &#x438;&#x441;&#x441;&#x43B;&#x435;&#x434;&#x43E;&#x432;&#x430;&#x43D;&#x43D;&#x43E;&#x433;&#x43E; &#x431;&#x440;&#x438;&#x433;&#x43E;&#x43C; "&#x41D;&#x43E;&#x432;&#x430;&#x44F; &#x417;&#x435;&#x43C;&#x43B;&#x44F;" &#x43F;&#x43E;&#x434; &#x43D;&#x430;&#x447;&#x430;&#x43B;&#x44C;&#x441;&#x442;&#x432;&#x43E;&#x43C; &#x43A;&#x430;&#x43F;&#x438;&#x442;&#x430;&#x43D;-&#x43B;&#x435;&#x439;&#x442;&#x435;&#x43D;&#x430;&#x43D;&#x442;&#x430; &#x41B;&#x438;&#x442;&#x43A;&#x435; 1-&#x433;&#x43E; 1823 &#x433;&#x43E;&#x434;&#x430;</subfield>
  </datafield>
  <datafield tag="607" ind1=" " ind2=" ">
    <subfield code="a">&#x41D;&#x43E;&#x432;&#x430;&#x44F; &#x417;&#x435;&#x43C;&#x43B;&#x44F;, &#x43E;&#x441;&#x442;&#x440;&#x43E;&#x432;&#x430; (&#x421;&#x435;&#x432;&#x435;&#x440;&#x43D;&#x44B;&#x439; &#x41B;&#x435;&#x434;&#x43E;&#x432;&#x438;&#x442;&#x44B;&#x439; &#x43E;&#x43A;&#x435;&#x430;&#x43D;)</subfield>
    <subfield code="9">1149246</subfield>
    <subfield code="3">RU\NLR\AUTH\66140202</subfield>
  </datafield>
  <datafield tag="608" ind1=" " ind2=" ">
    <subfield code="a">&#x41E;&#x431;&#x449;&#x435;&#x433;&#x435;&#x43E;&#x433;&#x440;&#x430;&#x444;&#x438;&#x447;&#x435;&#x441;&#x43A;&#x438;&#x435; &#x43A;&#x430;&#x440;&#x442;&#x44B; &#x43C;&#x435;&#x43B;&#x43A;&#x43E;&#x43C;&#x430;&#x441;&#x448;&#x442;&#x430;&#x431;&#x43D;&#x44B;&#x435;</subfield>
    <subfield code="9">2622600</subfield>
    <subfield code="3">RU\NLR\AUTH\661559160</subfield>
  </datafield>
  <datafield tag="701" ind1=" " ind2="1">
    <subfield code="8">rus</subfield>
    <subfield code="7">ca</subfield>
    <subfield code="a">&#x41B;&#x438;&#x442;&#x43A;&#x435;</subfield>
    <subfield code="b">&#x424;. &#x41F;.</subfield>
    <subfield code="f">1797-1882</subfield>
    <subfield code="g">&#x424;&#x435;&#x434;&#x43E;&#x440; &#x41F;&#x435;&#x442;&#x440;&#x43E;&#x432;&#x438;&#x447;</subfield>
    <subfield code="3">RU\NLR\AUTH\7770221</subfield>
    <subfield code="9">53149</subfield>
  </datafield>
  <datafield tag="801" ind1=" " ind2="0">
    <subfield code="a">RU</subfield>
    <subfield code="b">NLR</subfield>
    <subfield code="c">20110727</subfield>
    <subfield code="g">PSBO</subfield>
  </datafield>
  <datafield tag="852" ind1=" " ind2=" ">
    <subfield code="a">NLR</subfield>
    <subfield code="b">&#x41A;</subfield>
    <subfield code="j">2-&#x410;&#x440;&#x43A; 1/25</subfield>
    <subfield code="m">12814</subfield>
  </datafield>
  <datafield tag="942" ind1=" " ind2=" ">
    <subfield code="c">MAP</subfield>
  </datafield>
  <datafield tag="980" ind1=" " ind2=" ">
    <subfield code="a">NB</subfield>
  </datafield>
  <datafield tag="995" ind1=" " ind2=" ">
    <subfield code="5">2013-10-26</subfield>
    <subfield code="b">NLR02</subfield>
    <subfield code="c">NLR02</subfield>
    <subfield code="e">MAP</subfield>
    <subfield code="f">4276753-10</subfield>
    <subfield code="k">&#x41A; 2-&#x410;&#x440;&#x43A; 1/25</subfield>
    <subfield code="o">0</subfield>
    <subfield code="r">BOOK</subfield>
    <subfield code="s">_2125</subfield>
  </datafield>
</record>
